| 000 | 00539nam a22001577a 4500 | ||
|---|---|---|---|
| 003 | macl | ||
| 005 | 20211121155641.0 | ||
| 008 | 210908b |||||||| |||| 00| 0 eng d | ||
| 040 | _cmacl | ||
| 082 | _a891.433/TIW/N | ||
| 100 |
_aतिवारी ,डॉ .शशि _981019 |
||
| 245 | _aA Tale of two Cities दो नगरों की विप्लव कथा | ||
| 260 |
_aदिल्ली _bजगतराम एण्ड कम्पनी _c2017 |
||
| 650 | _aउपन्यास | ||
| 942 |
_2ddc _cHIN |
||
| 999 |
_c64231 _d64231 |
||